Countries With the Word “On” in Their Names - Statistics

General Stats
  • This quiz has been taken 58 times
  • The average score is 10 of 16
Answer Stats
Continent Countries % Correct
Africa Democratic Republicof the Congo
85%
Africa Republic ofthe Congo
83%
Oceania Solomon Islands
81%
Oceania Tonga
81%
Africa Gabon
70%
Europe Monaco
70%
Europe Montenegro
68%
North America Honduras
66%
Asia Mongolia
64%
Asia Lebanon
60%
Oceania Federated Statesof Micronesia
57%
Europe North Macedonia
55%
Africa Cameroon
51%
Asia Indonesia
51%
Europe Estonia
47%
Africa Sierra Leone
43%
No matching quizzes found
Score Distribution
Percent of People with Each Score
Percentile by Number Answered
Your Score History
You have not taken this quiz